Agricultural systems management : Optimizing efficiency and performance
Gorde:
| Egile nagusia: | |
|---|---|
| Formatua: | Liburua |
| Hizkuntza: | Undetermined |
| Argitaratua: |
New York, NY.
Marcel Dekker
2004
|
| Gaiak: | |
| Etiketak: |
Etiketa erantsi
Etiketarik gabe, Izan zaitez lehena erregistro honi etiketa jartzen!
|
| Thư viện lưu trữ: | Trung tâm Học liệu Trường Đại học Cần Thơ |
|---|
| LEADER | 00637nam a2200217Ia 4500 | ||
|---|---|---|---|
| 001 | CTU_213124 | ||
| 008 | 210402s9999 xx 000 0 und d | ||
| 082 | |a 630.68 | ||
| 082 | |b P361 | ||
| 100 | |a Peart, Robert M. | ||
| 245 | 0 | |a Agricultural systems management : | |
| 245 | 0 | |b Optimizing efficiency and performance | |
| 245 | 0 | |c Robert M. Peart, W. David Shoup | |
| 260 | |a New York, NY. | ||
| 260 | |b Marcel Dekker | ||
| 260 | |c 2004 | ||
| 650 | |a Agricultural systems | ||
| 650 | |x Management,Data processing | ||
| 904 | |i Tuyến | ||
| 910 | |a 01 CD-ROM AV.003540 | ||
| 980 | |a Trung tâm Học liệu Trường Đại học Cần Thơ | ||